LIBRARY & INFORMATION CENTRE, KCAET, TAVANUR

ONLINE PUBLIC ACCESS CATALOGUE (OPAC)

Fertiliser marketing systems in India / (Record no. 2685)

MARC details
000 -LEADER
fixed length control field 00447cam a2200169ua 4500
020 ## - INTERNATIONAL STANDARD BOOK NUMBER
ISBN 81 85116 202
041 ## - LANGUAGE CODE
Language code of text/sound track or separate title eng
082 ## - DEWEY DECIMAL CLASSIFICATION NUMBER
Classification number 631.8
Item number TAN/FE
100 ## - MAIN ENTRY--AUTHOR NAME
Personal name Tanden, H L S .
245 ## - TITLE STATEMENT
Title Fertiliser marketing systems in India /
260 ## - PUBLICATION, DISTRIBUTION, ETC. (IMPRINT)
Place of publication Newdelhi :
Name of publisher Fertiliser development ,
Year of publication 1992.
300 ## - PHYSICAL DESCRIPTION
Number of Pages 134 ; .
942 ## - ADDED ENTRY ELEMENTS (KOHA)
Koha item type Books
Holdings
Withdrawn status Lost status Damaged status Home library Current library Date acquired Full call number Accession Number Koha item type
      KAUAET KAUAET 07/04/2012 631.8 20222 Books
free website counter